000 00383nam a2200133Ia 4500
008 211109s9999||||xx |||||||||||||| ||und||
082 _a809.1
_bCLE-M
100 _aCleveland, John
245 0 _aMinor Poets of the Carotive Period
260 _bOxford University Press
_aLondon
_c1905
630 _xGeneral Stack
650 _aEnglish Litertaure
_vHistory of Poets
_xEnglish
942 _cBOOK
999 _c148
_d148